Statistics for Guess the Taylor Swift Song (no hint) 5

Click here to take the quiz!

General Stats

  • This quiz has been taken 99 times
  • The average score is 356 of 397

Answer Stats

Answer% Correct
I
100%
"I
100%
a
98%
me
98%
me,
98%
me"
98%
me)
98%
the
98%
you,
98%
You
98%
you"
98%
you
98%
you,"
98%
we
97%
We
97%
And
95%
and
95%
it,
95%
it
95%
like
95%
like,
95%
Like,
95%
to
95%
When
95%
when
95%
are
94%
is
94%
love
94%
my
94%
your
94%
back
93%
but
93%
But
93%
ever,
93%
ever"
93%
ever
93%
go
93%
he
93%
in
93%
I'm
92%
never"
92%
never,
92%
never
92%
"Never
92%
said
92%
so
92%
Then
92%
were
92%
friends,
91%
Getting
91%
getting
91%
that
91%
time
91%
time,
91%
together
91%
together,
91%
(What?)
91%
'cause
90%
of
90%
say
90%
say,
90%
talk
90%
(Talk
90%
up,
90%
up
90%
had
88%
this
88%
"This
88%
This
88%
for
87%
how
87%
last
87%
miss
87%
off
87%
oh,
87%
oh)
87%
Remember
87%
remember
87%
seen
87%
telling
87%
than
87%
each
86%
first
86%
hate
86%
I've
86%
other
86%
that's
86%
broke
85%
gonna
85%
mine
85%
needed
85%
no)
85%
space
85%
With
85%
"Baby,
84%
call
84%
change,
84%
day?
84%
enough,"
84%
month
84%
much
84%
still
84%
trust
84%
cooler
83%
hadn't
83%
night,
83%
some
83%
swear
83%
again
81%
around
81%
called
81%
fights
81%
break
80%
come
80%
he's
80%
indie
80%
picking
80%
record
80%
Saying,
80%
used
80%
lasted
79%
think
79%
ooh
78%
Ooh
78%
ooh,
78%
(Ooh
78%
really
78%
screaming
78%
forever,
77%
know?
77%
right
77%
would
77%
mind
76%
tonight,
76%
away
74%
falling
73%
peace
73%
calls
72%
find
71%
hide
71%
exhausting,
70%
just,
69%
(Yeah)
63%
mean,
56%
Ugh,
44%

Score Distribution

Percentile by Number Answered

Percent of People with Each Score

Your Score History

You have not taken this quiz